Online
Catalog

Adolfo Guzmán : (Record no. 6942)

MARC details
000 -CABECERA
campo de control de longitud fija 00588cam a2200181 a 4500
001 - NÚMERO DE CONTROL
campo de control 000007161
005 - FECHA Y HORA DE LA ÚLTIMA TRANSACCIÓN
campo de control 20200929154101.0
008 - DATOS DE LONGITUD FIJA--INFORMACIÓN GENERAL
campo de control de longitud fija 920605s1988 cu a 001 0 spa
040 ## - FUENTE DE LA CATALOGACIÓN
Centro catalogador/agencia de origen DO-SdBNP
Centro/agencia transcriptor DLC
082 ## - NÚMERO DE LA CLASIFICACIÓN DECIMAL DEWEY
Número de clasificación 927.72
Número de documento/Ítem G993D
049 ## - FONDOS LOCALES (OCLC)
Fondos de biblioteca BNGR
100 1# - ENTRADA PRINCIPAL--NOMBRE DE PERSONA
Nombre de persona Depestre Catony, Leonardo,
Fechas asociadas al nombre 1953-
9 (RLIN) 19884
245 10 - MENCIÓN DE TÍTULO
Título Adolfo Guzmán :
Resto del título apuntes y testimonios /
Mención de responsabilidad, etc. Leonardo Depestre Catony.
260 ## - PUBLICACIÓN, DISTRIBUCIÓN, ETC.
Lugar de publicación, distribución, etc. Santiago, (Cuba) :
Nombre del editor, distribuidor, etc. Oriente,
Fecha de publicación, distribución, etc. 1988.
300 ## - DESCRIPCIÓN FÍSICA
Extensión 54 p. :
Otras características físicas il. ;
Dimensiones 19 cm.
600 10 - PUNTO DE ACCESO ADICIONAL DE MATERIA--NOMBRE DE PERSONA
Nombre de persona GUZMÁN, ADOLFO,
Fechas asociadas al nombre 1943-
Forma completa/desarrollada del nombre (Adolfo Guzmán Arenas)
9 (RLIN) 19885
910 ## - DATOS DE OPCIÓN DEL USUARIO (OCLC)
Datos de opción del usuario Catalogación por copia / LC
Holdings
Estado de retiro Estado de pérdida Restricciones de uso No para préstamo Código de colección Localización permanente Ubicación/localización actual Ubicación en estantería Fecha de adquisición Número de inventario Total de préstamos Signatura topográfica completa Código de barras Fecha visto por última vez Precio válido a partir de Tipo de ítem Koha Número de copia
    Préstamo interno   Monografías: Libros y Folletos General General En catalogación 04.09.2009 LF1   927.72 G993D 7161-10 25.06.2020 25.06.2020 Préstamo interno  
    Préstamo restringido Préstamo restrigido Monografías: Libros y Folletos General General En catalogación 04.09.2009 LF1   927.72 G993D 7161-20 25.06.2020 25.06.2020 Préstamo interno e.2

Powered by Koha